Normal view
MARC view
- Compayré, Gabriel,
Entry Nombre Personal
001 - NUMERO DE CONTROL
- campo de control: 30505
003 - IDENTIFICADOR DE NUMERO DE CONTROL
- campo de control: DLC
005 - FECHA Y HORA DE LA ÜLTIMA TRANSACCIÓN
- campo de control: 20221024114131.0
008 - DATOS DE LONGITUD FIJA
- campo de control de longitud fija: 800625n| acannaabn |b aaa
010 ## - NÚMERO DE CONTROL DE LA BIBLIOTECA DEL CONGRESO
- Número de control LC: n 50031444
035 ## - NUMERO DE CONTROL
- Número de control: (OCoLC)oca00066803
040 ## - FUENTE DE CATALOGACIÓN
- Agencia original de catalogación: DLC
- Lenguaje de catalogación: spa
- Agencia de transcripción: DLC
- Agencia que lo modifica: OCoLC
- Agencia que lo modifica: MX-MxUPN
100 1# - ENCABEZAMIENTO - NOMBRE PERSONAL
- Nombre personal: Compayré, Gabriel,
- Fechas asociadas con el nombre: 1843-1913
400 1# - VEÁSE - NOMBRE DE PERSONA
- Personal name: Kompere, G.
670 ## - FUENTE EN LA QUE SE LOCALIZARON DATOS
- Cita de la fuente: Histoire critique des doctrines de l'éducation en France depuis le seizième siècle, 1885:
- Información localizada: portada (Gabriel Compayré)
902 ## - CATALOGADOR
- Catalogador: Víctor Ruiz/241022
